00594 a2200097 4500020001800000082001700018245032500035260006300360300003400423650003900457 a9780784409374 a624.0285 ASC aComputing in civil engineering :bproceedings of the 2007 ASCE International Workshop on Computing in Civil Engineering, July 24-27, 2007 Pittsburgh, Pennsylvania /csponsored by Technical Council on Computing & Information Technology of the American Society of Civil Engineers ; edited by Lucio Soibelman, Burcu Akinci. aReston, Va. :bAmerican Society of Civil Engineers,c2007. axii, 887 p. :bill. ;c22 cm. aCivil engineeringxData processing